| 000 | 00600nam a22001937a 4500 | ||
|---|---|---|---|
| 003 | 0 | ||
| 005 | 20231107092530.0 | ||
| 008 | 231107b xxu||||| |||| 00| 0 eng d | ||
| 020 | _a978-971-9654-30-8 | ||
| 050 |
_aHF 5415 _b.Se47 2021 |
||
| 100 | _aSerrano, Angelita Ong Camilar | ||
| 245 |
_aPrinciples of marketing _cAngelita Ong Camilar-Serrano |
||
| 260 |
_aManila _bUnlimited Books Library Services & Publishing Inc., _cc2021. |
||
| 300 |
_ax, 394 pages ; _c26 cm. |
||
| 500 | _aMarketing. | ||
| 504 | _aIncludes bibliographical references. | ||
| 650 | _aMarketing. | ||
| 942 |
_2lcc _cBK |
||
| 999 |
_c365582 _d365582 |
||